[Event "AUTO-OPEN-1102"]
[Site "http://www.queenalice.com/game.php?id=391468"]
[Date "2008.4.21"]
[Round "1"]
[White "piotrek3054"]
[Black "Maffu"]
[Result "0-1"]
[WhiteElo "1794"]
[BlackElo "1714"]

1. d4 e6 2. c4 Bb4+ 3. Bd2 Bxd2+ 4. Nxd2 Nf6 5. e3 O-O 6. Ngf3 d5 7. Bd3 Nbd7 8.
O-O b6 9. Ne5 Bb7 10. Ndf3 a5 11. g4 dxc4 12. Nxc4 Nxg4 13. Nfe5 Ngxe5 14. dxe5
Qg5+ 0-1

[Event "AUTO-OPEN-1102"]
[Site "http://www.queenalice.com/game.php?id=391469"]
[Date "2008.4.21"]
[Round "1"]
[White "Maffu"]
[Black "piotrek3054"]
[Result "0-1"]
[WhiteElo "1657"]
[BlackElo "1787"]

1. d4 Nf6 2. Bg5 e6 3. Nc3 Nc6 4. e4 h6 5. Bh4 Bb4 6. Qd3 O-O 7. O-O-O e5 8. Nd5
Be7 9. Nf3 Nxd5 10. Bxe7 Qxe7 11. g4 Nf4 12. Qd2 Qb4 13. c3 Qa4 14. a3 d6 15. g5
exd4 16. Qxf4 dxc3 17. bxc3 Qxa3+ 18. Kd2 Qb2+ 19. Ke3 Qxc3+ 20. Rd3 Qc5+ 21.
Nd4 Nxd4 22. Rxd4 Qc1+ 23. Rd2 Qe1+ 24. Re2 Qc3# 0-1

[Event "Challenge"]
[Site "http://www.queenalice.com/game.php?id=392165"]
[Date "2008.4.23"]
[Round "-"]
[White "piotrek3054"]
[Black "ChessColossos"]
[Result "0-1"]
[WhiteElo "1812"]
[BlackElo "1756"]

1. d4 d5 2. c4 e6 3. Nf3 Nf6 4. Nc3 c6 5. e3 Nbd7 6. Bd3 dxc4 7. Bxc4 Nb6 8. Bb3
Bb4 9. O-O O-O 10. Qd3 h6 11. e4 c5 12. e5 Nfd5 13. Bc2 f5 14. exf6 Nxf6 15.
Bxh6 gxh6 16. Qg6+ Kh8 17. Qxh6+ Kg8 18. Bh7+ Nxh7 19. Ng5 Qxg5 0-1

[Event "Challenge"]
[Site "http://www.queenalice.com/game.php?id=393823"]
[Date "2008.4.26"]
[Round "-"]
[White "vasileC"]
[Black "piotrek3054"]
[Result "1-0"]
[WhiteElo "1696"]
[BlackElo "1668"]

1. Nf3 d5 2. d4 c6 3. h3 Nf6 4. Nc3 Nbd7 5. Bf4 e6 6. Ne5 Nxe5 7. Bxe5 Bd6 8. f3
O-O 9. g4 b5 10. g5 Bxe5 11. dxe5 Nh5 12. Rg1 Qb6 13. Rg4 g6 14. Qd2 b4 15. Na4
Qa6 16. Rxb4 Ng3 17. O-O-O c5 18. Rg4 Ne4 19. fxe4 Qxa4 20. Kb1 d4 21. Qf4 c4
22. Rxd4 Ba6 23. Qg3 Rab8 24. Rh4 1-0

[Event "Challenge"]
[Site "http://www.queenalice.com/game.php?id=393824"]
[Date "2008.4.26"]
[Round "-"]
[White "piotrek3054"]
[Black "vasileC"]
[Result "0-1"]
[WhiteElo "1684"]
[BlackElo "1680"]

1. d4 d5 2. c4 Be6 3. Nf3 Nf6 4. Nc3 dxc4 5. e4 Bg4 6. e5 Nd5 7. Bxc4 Nxc3 8.
bxc3 h6 9. O-O e6 10. h3 Bf5 11. Qa4+ c6 12. Qb3 b5 13. Be2 Be7 14. Ba3 O-O 15.
Bxe7 Qxe7 16. g4 Be4 17. Nd2 Bd5 18. Qc2 Qh4 19. Kh2 Nd7 20. Nf3 Qe7 21. c4 bxc4
22. Nd2 Nb6 23. Bf3 Qg5 0-1

[Event "Challenge"]
[Site "http://www.queenalice.com/game.php?id=393825"]
[Date "2008.4.26"]
[Round "-"]
[White "piotrek3054"]
[Black "vasileC"]
[Result "0-1"]
[WhiteElo "1702"]
[BlackElo "1662"]

1. d4 d5 2. c4 Nc6 3. Nf3 e6 4. Nc3 dxc4 5. e4 Bb4 6. Bxc4 Bxc3+ 7. bxc3 f6 8.
O-O h5 9. Qb3 Na5 10. Qa4+ Nc6 11. d5 a6 12. dxc6 b6 13. Rd1 Qe7 14. Ba3 Qf7 15.
Bd6 cxd6 16. c7+ b5 17. Bxb5+ Bd7 18. Rxd6 Bxb5 19. Qa5 Bd7 20. Rad1 h4 21. Rxd7
Qxd7 22. Rxd7 Kxd7 0-1

[Event "Challenge"]
[Site "http://www.queenalice.com/game.php?id=395105"]
[Date "2008.4.29"]
[Round "-"]
[White "positionalgenius"]
[Black "piotrek3054"]
[Result "0-1"]
[WhiteElo "1829"]
[BlackElo "1775"]

1. d4 Nf6 2. c4 g6 3. Nc3 d5 4. cxd5 Nxd5 5. e4 Nxc3 6. bxc3 c5 7. Bc4 Bg7 8.
Be3 O-O 9. Ne2 Nc6 10. O-O e5 11. d5 Na5 12. Bb3 Nxb3 13. axb3 b6 14. c4 Bb7 15.
Qd2 h6 16. Bxh6 a5 17. Bxg7 Kxg7 18. f4 Qh4 19. Rf3 Rh8 20. Rh3 Qg4 21. Rxh8
Rxh8 22. Rf1 Qh5 23. h3 Bc8 24. Ng3 Qh4 25. Qf2 Bxh3 26. fxe5 Be6 27. Qf6+ Kg8
0-1

[Event "Challenge"]
[Site "http://www.queenalice.com/game.php?id=399519"]
[Date "2008.5.8"]
[Round "-"]
[White "Mike36bh"]
[Black "piotrek3054"]
[Result "0-1"]
[WhiteElo "1724"]
[BlackElo "1771"]

1. d4 Nf6 2. d5 c5 3. Nc3 d6 4. e4 g6 5. h3 Bg7 6. Nf3 O-O 7. Be2 e5 8. O-O b6
9. Bg5 Nbd7 10. a3 a5 11. a4 h6 12. Bxf6 Nxf6 13. Bd3 Bd7 14. b3 Qc8 15. Nb5
Bxh3 16. gxh3 Qxh3 17. Nh2 Nh5 18. Be2 Nf4 19. Bf3 g5 20. Kh1 g4 21. Nxd6 gxf3
22. Qxf3 Qxf3+ 23. Nxf3 Rad8 24. Nf5 f6 25. Nxg7 Kxg7 26. Rg1+ Kf7 27. Nd2 Ne2
28. Rg2 Rg8 29. Re1 Nf4 30. Rh2 h5 31. f3 Rg7 32. Rg1 Rdg8 33. Rxg7+ Rxg7 34.
Nc4 Rg3 35. Rf2 Nh3 36. Rg2 Rxf3 37. Nxb6 Nf2+ 38. Kh2 Ng4+ 39. Kg1 Ne3 40. Rh2
Rf1# 0-1

[Event "Challenge"]
[Site "http://www.queenalice.com/game.php?id=413084"]
[Date "2008.6.4"]
[Round "-"]
[White "ORNELAS"]
[Black "piotrek3054"]
[Result "0-1"]
[WhiteElo "1727"]
[BlackElo "1803"]

1. b3 e5 2. d3 d5 3. Bb2 d4 4. Nf3 Nc6 5. c3 Nf6 6. a3 Bd6 7. g3 O-O 8. Bg2 Be6
9. e4 dxe3 10. fxe3 Ng4 11. Qd2 Bxb3 12. h3 Nf6 13. O-O e4 14. dxe4 Nxe4 15. Qe2
Bxg3 16. Nbd2 Nxd2 17. Nxd2 Bd5 18. e4 Re8 19. Qg4 Bxe4 20. Bxe4 Bh2+ 21. Kxh2
Qxd2+ 22. Kg3 Rxe4 23. Qxe4 Qxb2 24. Kh4 h6 25. Rab1 Qd2 26. Rf4 g5+ 27. Kh5
gxf4 28. Rg1+ Kh8 29. Kxh6 Qd6+ 30. Kh5 Rg8 31. Rxg8+ Kxg8 32. Qf3 Qg6+ 33. Kh4
Qf6+ 34. Kh5 Ne5 35. Qg2+ Ng6 36. Kh6 Qh4# 0-1

[Event "Challenge"]
[Site "http://www.queenalice.com/game.php?id=413085"]
[Date "2008.6.4"]
[Round "-"]
[White "ORNELAS"]
[Black "piotrek3054"]
[Result "1-0"]
[WhiteElo "1601"]
[BlackElo "1795"]

1. b3 d5 2. e3 e5 3. Bb2 Nc6 4. Nc3 Nf6 5. g3 e4 6. Qe2 Bd6 7. Bg2 O-O 8. Nb5
Be5 9. Bxe5 Nxe5 10. Nh3 Bg4 11. Qf1 c6 12. Nd4 c5 13. Ne2 d4 14. Nhf4 d3 15.
cxd3 exd3 16. Ng1 Qd4 17. exd4 1-0

[Event "Challenge"]
[Site "http://www.queenalice.com/game.php?id=424269"]
[Date "2008.6.28"]
[Round "-"]
[White "Danilo"]
[Black "piotrek3054"]
[Result "0-1"]
[WhiteElo "1796"]
[BlackElo "1826"]

1. e4 c5 2. Bc4 e6 3. Nf3 d5 4. Bb5+ Bd7 5. Bxd7+ Nxd7 6. exd5 exd5 7. O-O Ngf6
8. d3 h6 9. c3 Be7 10. d4 c4 11. Nbd2 O-O 12. b3 b5 13. b4 Re8 14. a4 bxa4 15.
Qxa4 Nb6 16. Qc2 Bd6 17. h3 Qd7 18. Re1 Rxe1+ 19. Nxe1 Re8 20. Nef3 Qe6 21. Bb2
Nc8 22. Kf1 Qe2+ 23. Kg1 Ne4 24. Nxe4 Qxc2 0-1

[Event "Challenge"]
[Site "http://www.queenalice.com/game.php?id=424325"]
[Date "2008.6.28"]
[Round "-"]
[White "Mike36bh"]
[Black "piotrek3054"]
[Result "1-0"]
[WhiteElo "1750"]
[BlackElo "1841"]

1. d4 Nf6 2. d5 e5 3. Bg5 d6 4. c4 c5 5. Nc3 Be7 6. Nf3 h6 7. Bxf6 Bxf6 8. e4
O-O 9. Bd3 Nd7 10. h3 b6 11. g4 Bb7 12. h4 Rc8 13. g5 hxg5 14. hxg5 Bxg5 15.
Nxg5 Qxg5 16. Ne2 f6 17. Ng3 Kf7 18. Kf1 Rh8 19. Be2 Rxh1+ 20. Nxh1 Rh8 21. Ng3
Qh4 22. Bf3 Qh3+ 23. Bg2 Qh2 24. Qa4 Bc8 25. Qxa7 Kg6 26. Qa3 Nb8 27. Qf3 Bh3
28. Bxh3 Rxh3 29. Ke2 Na6 30. Qf5+ Kh6 31. Qf3 Rxg3 32. Qxg3 Qh5+ 33. f3 g5 34.
Qg2 Qg6 35. Rh1+ Kg7 36. a3 Nc7 37. Qg4 Qf7 38. Qh3 Kf8 39. Qh8+ Qg8 40. Qxf6+
1-0

[Event "815"]
[Site "http://www.queenalice.com/game.php?id=443171"]
[Date "2008.8.5"]
[Round "-"]
[White "phystutordotcom"]
[Black "piotrek3054"]
[Result "1-0"]
[WhiteElo "2093"]
[BlackElo "1778"]

1. Nf3 d5 2. d3 c5 3. Nbd2 Nc6 4. g3 e5 5. e4 d4 6. Nc4 f6 7. a4 Nge7 8. Bg2 Ng6
9. O-O Be7 10. Ne1 O-O 11. f4 1-0

[Event "812"]
[Site "http://www.queenalice.com/game.php?id=443173"]
[Date "2008.8.5"]
[Round "-"]
[White "phystutordotcom"]
[Black "piotrek3054"]
[Result "1-0"]
[WhiteElo "2096"]
[BlackElo "1775"]

1. Nf3 d5 2. d3 c5 3. Nbd2 Nf6 4. g3 Nc6 5. Bg2 e5 6. e4 d4 7. Nc4 Bg4 8. h3
Bxf3 9. Qxf3 Be7 10. O-O O-O 11. a4 1-0

[Event "816"]
[Site "http://www.queenalice.com/game.php?id=443175"]
[Date "2008.8.5"]
[Round "-"]
[White "piotrek3054"]
[Black "phystutordotcom"]
[Result "0-1"]
[WhiteElo "1786"]
[BlackElo "2085"]

1. d4 g6 2. e4 Bg7 3. Nf3 d6 4. c4 Nd7 5. Nc3 e5 6. Be2 Ngf6 7. d5 Nc5 8. Bg5 h6
9. Bxf6 Qxf6 10. O-O O-O 0-1

[Event "811"]
[Site "http://www.queenalice.com/game.php?id=443177"]
[Date "2008.8.5"]
[Round "-"]
[White "phystutordotcom"]
[Black "piotrek3054"]
[Result "1-0"]
[WhiteElo "2089"]
[BlackElo "1782"]

1. Nf3 d5 2. d3 c5 3. Nbd2 d4 4. g3 Nc6 5. Bg2 e5 6. Nc4 Nf6 7. Nfxe5 Nxe5 8.
Nxe5 Bd6 9. Nc4 Bc7 10. a4 O-O 11. e4 1-0

[Event "820"]
[Site "http://www.queenalice.com/game.php?id=443223"]
[Date "2008.8.5"]
[Round "-"]
[White "piotrek3054"]
[Black "phystutordotcom"]
[Result "0-1"]
[WhiteElo "1813"]
[BlackElo "2080"]

1. d4 g6 2. c4 Bg7 3. Nc3 d6 4. e4 Nd7 5. Nf3 e5 6. d5 Ngf6 7. b4 a5 8. b5 Nc5
9. Bd3 Nxd3+ 10. Qxd3 O-O 0-1

[Event "822"]
[Site "http://www.queenalice.com/game.php?id=443224"]
[Date "2008.8.5"]
[Round "-"]
[White "piotrek3054"]
[Black "phystutordotcom"]
[Result "0-1"]
[WhiteElo "1808"]
[BlackElo "2085"]

1. d4 g6 2. f4 Bg7 3. e4 c6 4. Nf3 d5 5. e5 Bg4 6. Nc3 h5 7. h3 Bxf3 8. Qxf3 Nh6
9. Bd3 e6 10. Be3 h4 0-1

[Event "826"]
[Site "http://www.queenalice.com/game.php?id=443226"]
[Date "2008.8.5"]
[Round "-"]
[White "piotrek3054"]
[Black "phystutordotcom"]
[Result "0-1"]
[WhiteElo "1798"]
[BlackElo "2095"]

1. d4 g6 2. e4 Bg7 3. c4 d6 4. Nf3 Nd7 5. Bd3 e5 6. Be3 Ngf6 7. d5 O-O 8. Qd2
Nc5 9. Nc3 Nxd3+ 10. Qxd3 Ng4 0-1

[Event "828"]
[Site "http://www.queenalice.com/game.php?id=443227"]
[Date "2008.8.5"]
[Round "-"]
[White "piotrek3054"]
[Black "phystutordotcom"]
[Result "0-1"]
[WhiteElo "1803"]
[BlackElo "2090"]

1. d4 g6 2. c4 Bg7 3. Nf3 d6 4. e4 Nd7 5. Be2 e5 6. d5 Ngf6 7. Nc3 Nc5 8. Qc2 a5
9. O-O O-O 10. b3 Nh5 0-1

[Event "821"]
[Site "http://www.queenalice.com/game.php?id=443228"]
[Date "2008.8.5"]
[Round "-"]
[White "phystutordotcom"]
[Black "piotrek3054"]
[Result "1-0"]
[WhiteElo "2102"]
[BlackElo "1790"]

1. Nf3 d5 2. d3 Qd6 3. Nbd2 e5 4. e4 d4 5. Nc4 Qe6 6. Ncxe5 f6 7. Nc4 b5 8. Ncd2
Bb4 9. Nxd4 Qe5 10. c3 Ba5 11. N2f3 1-0

[Event "825"]
[Site "http://www.queenalice.com/game.php?id=443239"]
[Date "2008.8.5"]
[Round "-"]
[White "phystutordotcom"]
[Black "piotrek3054"]
[Result "1-0"]
[WhiteElo "2099"]
[BlackElo "1794"]

1. Nf3 d5 2. d3 c5 3. Nbd2 Nc6 4. g3 e5 5. e4 d4 6. Nc4 Qc7 7. a4 Nf6 8. Bg2 Be7
9. O-O O-O 10. Nh4 g6 11. Bh6 1-0